Construction contracts. (Record no. 101052)

MARC details
000 -LEADER
fixed length control field 00861cam a2200229 4500
008 - FIXED-LENGTH DATA ELEMENTS--GENERAL INFORMATION
fixed length control field 000000n2001 000 0 eng u
020 ## - INTERNATIONAL STANDARD BOOK NUMBER
International Standard Book Number 0137559275
035 ## - SYSTEM CONTROL NUMBER
System control number (Sirsi) u110107
050 ## - LIBRARY OF CONGRESS CALL NUMBER
Classification number 692.80973
100 ## - MAIN ENTRY--PERSONAL NAME
Personal name Collier, Keith
245 ## - TITLE STATEMENT
Title Construction contracts.
250 ## - EDITION STATEMENT
Edition statement 3rd edition
260 ## - PUBLICATION, DISTRIBUTION, ETC.
Place of publication, distribution, etc. Upper Saddle River, NJ
Name of publisher, distributor, etc. Merrill Prentice Hall
Date of publication, distribution, etc. 2001
300 ## - PHYSICAL DESCRIPTION
Extent xiv,386p. ; 24cm.
350 ## - PRICE (NR) (BK AM CF MU VM SE) [OBSOLETE]
Price 36.99
520 ## - SUMMARY, ETC.
Summary, etc. The third edition of a work by a chartered surveyor, which covers all aspects of construction contracts in the North America, including the publications of the American Institute of Architects and Canadian Construction Documents Committee.
650 ## - SUBJECT ADDED ENTRY--TOPICAL TERM
Topical term or geographic name entry element BUILT ENVIRONMENT-BUILDING CONTRACT FORMS
650 ## - SUBJECT ADDED ENTRY--TOPICAL TERM
Topical term or geographic name entry element CANADA
650 ## - SUBJECT ADDED ENTRY--TOPICAL TERM
Topical term or geographic name entry element UNITED STATES
690 ## - LOCAL SUBJECT ADDED ENTRY--TOPICAL TERM (OCLC, RLIN)
Topical term or geographic name as entry element BUILT ENVIRONMENT-BUILDING CONTRACT FORMS
942 ## - ADDED ENTRY ELEMENTS (KOHA)
Suppress in OPAC 0
Holdings
Withdrawn status Lost status Source of classification or shelving scheme Damaged status Not for loan Home library Current library Shelving location Date acquired Total Checkouts Full call number Barcode Date last seen Date last checked out Copy number Price effective from Koha item type
    Dewey Decimal Classification     London London Books 03/01/2001 53 692.80973 COL 30062932 06/08/2019 30/04/2010 1 06/08/2019 Book